[Event "Cheliabinsk Panchenko Memorial op-A"]
[Site "Cheliabinsk"]
[Date "2022.09.14"]
[Round "3"]
[White "Kostenko, Petr"]
[Black "Zvjaginsev, Vadim"]
[Result "1/2-1/2"]
[WhiteElo "2382"]
[BlackElo "2608"]
[PlyCount "22"]
[EventDate "2022.09.12"]
[EventType "swiss"]
[EventRounds "10"]
[EventCountry "RUS"]
[SourceTitle "CBM 210 Extra"]
[Source "ChessBase"]
[SourceDate "2022.11.30"]
[SourceVersion "1"]
[SourceVersionDate "2022.11.30"]
[SourceQuality "1"]

1. e4 c5 2. Nf3 Nc6 3. Bb5 g6 4. 0-0 Bg7 5. Re1 e5 6. Bxc6 dxc6 7. d3 Bg4 8. a3 Nf6 9. b4 c4 10. Bb2 cxd3 11. cxd3 Nd7 1/2-1/2

[Event "Cheliabinsk Panchenko Memorial op-A"]
[Site "Cheliabinsk"]
[Date "2022.09.12"]
[Round "1"]
[White "Kostenko, Petr"]
[Black "Manukyan, Sargis A"]
[Result "1/2-1/2"]
[WhiteElo "2382"]
[BlackElo "2083"]
[PlyCount "82"]
[EventDate "2022.09.12"]
[EventType "swiss"]
[EventRounds "10"]
[EventCountry "RUS"]
[SourceTitle "CBM 210 Extra"]
[Source "ChessBase"]
[SourceDate "2022.11.30"]
[SourceVersion "1"]
[SourceVersionDate "2022.11.30"]
[SourceQuality "1"]

1. e4 c5 2. Nf3 d6 3. Bb5+ Bd7 4. Bxd7+ Qxd7 5. 0-0 Nc6 6. c3 Nf6 7. Re1 e6 8. d4 cxd4 9. cxd4 d5 10. e5 Ne4 11. Nbd2 Nxd2 12. Bxd2 Be7 13. Re3 Rc8 14. Rd3 0-0 15. Ng5 h6 16. Nh3 f5 17. Nf4 Rfe8 18. Nh5 g5 19. f4 g4 20. h3 Kf7 21. hxg4 Rg8 22. gxf5 exf5 23. Bc3 Rg4 24. Rh3 Rcg8 25. Qf3 Rxg2+ 26. Qxg2 Rxg2+ 27. Kxg2 Nd8 28. Ng3 Ne6 29. Kf3 Nxf4 30. Rxh6 Ng6 31. Nh5 Qe6 32. Rh7+ Kf8 33. Rh1 f4 34. Ng7 Qa6 35. Kg4 Qe2+ 36. Kf5 Qd3+ 37. Ke6 Kg8 38. Ne8 Qa6+ 39. Kf5 Qd3+ 40. Ke6 Qa6+ 41. Kf5 Qd3+ 1/2-1/2

[Event "Cheliabinsk Kurnosov Memorial rapid-A"]
[Site "Cheliabinsk"]
[Date "2022.09.09"]
[Round "3"]
[White "Paravyan, David"]
[Black "Kostenko, Petr"]
[Result "1/2-1/2"]
[WhiteElo "2592"]
[BlackElo "2382"]
[PlyCount "135"]
[EventDate "2022.09.09"]
[EventType "swiss (rapid)"]
[EventRounds "11"]
[EventCountry "RUS"]
[SourceTitle "CBM 210 Extra"]
[Source "ChessBase"]
[SourceDate "2022.11.30"]
[SourceVersion "1"]
[SourceVersionDate "2022.11.30"]
[SourceQuality "1"]

1. e4 e6 2. d4 d5 3. Nc3 Nf6 4. Bg5 dxe4 5. Nxe4 Nbd7 6. Nf3 h6 7. Nxf6+ Nxf6 8. Bh4 c5 9. c3 cxd4 10. Nxd4 Be7 11. Bb5+ Bd7 12. Bxd7+ Qxd7 13. 0-0 Rd8 14. Qf3 Qd5 15. Rfd1 Qxf3 16. Nxf3 Nd5 17. Bg3 f6 18. Nd4 Kf7 19. Nb3 Rc8 20. Rd4 Nb6 21. Na5 e5 22. Rdd1 h5 23. f3 Na4 24. Nxb7 Ke6 25. Rd2 Rb8 26. Na5 Rxb2 27. Rxb2 Nxb2 28. Nc6 Bc5+ 29. Bf2 Bxf2+ 30. Kxf2 a6 31. Rb1 Na4 32. Na5 Rc8 33. Rb4 Nxc3 34. Rb6+ Kd5 35. Rxa6 Nxa2 36. Nc6 Rxc6 37. Rxa2 g5 38. h3 f5 39. Rd2+ Ke6 40. Rd8 Rc2+ 41. Kf1 g4 42. Re8+ Kf6 43. hxg4 hxg4 44. fxg4 fxg4 45. Rf8+ Ke6 46. Rg8 Kf5 47. Kg1 Kf4 48. Kh2 Rc4 49. Rf8+ Ke3 50. Kg3 Ke2 51. Re8 e4 52. Kxg4 e3+ 53. Kf5 Rc5+ 54. Kf4 Rc4+ 55. Kf5 Kf2 56. g4 Kf3 57. g5 Rf4+ 58. Kg6 Re4 59. Ra8 e2 60. Ra1 e1Q 61. Rxe1 Rxe1 62. Kf7 Kg4 63. g6 Rf1+ 64. Ke7 Kh5 65. g7 Rg1 66. Kf7 Kh6 67. g8Q Rxg8 68. Kxg8 1/2-1/2

[Event "Moscow Botvinnik Memorial Cup"]
[Site "Moscow"]
[Date "2022.08.23"]
[Round "9.3"]
[White "Kostenko, Petr"]
[Black "Agasarov, Benik"]
[Result "1-0"]
[WhiteElo "2397"]
[BlackElo "2037"]
[PlyCount "79"]
[EventDate "2022.08.18"]
[EventType "team-tourn"]
[EventRounds "9"]
[EventCountry "RUS"]
[SourceTitle "CBM 209 Extra"]
[Source "ChessBase"]
[SourceDate "2022.09.30"]
[SourceVersion "1"]
[SourceVersionDate "2022.09.30"]
[SourceQuality "1"]
[WhiteTeam "Kazakhstan"]
[BlackTeam "Armenia"]
[WhiteTeamCountry "KAZ"]
[BlackTeamCountry "ARM"]

1. e4 c6 2. d4 d5 3. e5 Bf5 4. c4 e6 5. Nc3 Ne7 6. a3 Nd7 7. cxd5 Nxd5 8. Nge2 Be7 9. Ng3 Bg6 10. Be2 Qa5 11. Bd2 Qb6 12. Nxd5 cxd5 13. Bc3 0-0 14. Bd3 Bxd3 15. Qxd3 Qa6 16. Qxa6 bxa6 17. Kd2 Nb6 18. b3 Rfc8 19. Ne2 Rab8 20. Bb4 Bxb4+ 21. axb4 Rc6 22. Rhc1 Rbc8 23. Rxc6 Rxc6 24. Nc1 f6 25. Nd3 Nc8 26. f4 fxe5 27. fxe5 Rb6 28. Kc3 Ne7 29. Nc5 Nf5 30. Nxa6 Nh4 31. g3 Nf3 32. h4 g5 33. hxg5 Nxg5 34. Nc5 Rc6 35. b5 Rc7 36. Kb4 Nf3 37. Nxe6 Re7 38. Ra6 Kf7 39. Nd8+ Ke8 40. Nc6 1-0

[Event "Moscow Botvinnik Memorial Cup"]
[Site "Moscow"]
[Date "2022.08.23"]
[Round "9.3"]
[White "Kostenko, Petr"]
[Black "Navoyan, Gagik"]
[Result "1-0"]
[WhiteElo "2397"]
[BlackElo "1869"]
[PlyCount "61"]
[EventDate "2022.08.18"]
[EventType "team-tourn"]
[EventRounds "9"]
[EventCountry "RUS"]
[SourceTitle "CBM 209 Extra"]
[Source "ChessBase"]
[SourceDate "2022.09.30"]
[SourceVersion "1"]
[SourceVersionDate "2022.09.30"]
[SourceQuality "1"]
[WhiteTeam "Kazakhstan"]
[BlackTeam "Armenia"]
[WhiteTeamCountry "KAZ"]
[BlackTeamCountry "ARM"]

1. e4 e5 2. Nf3 Nc6 3. Bb5 Nf6 4. d3 Bc5 5. c3 0-0 6. Bg5 h6 7. Bh4 Be7 8. Nbd2 d6 9. 0-0 a6 10. Bxc6 bxc6 11. Re1 Nh5 12. Bxe7 Qxe7 13. d4 Nf4 14. Qa4 exd4 15. cxd4 Bd7 16. e5 Qe6 17. Re4 c5 18. Qa3 Qg4 19. g3 Nh3+ 20. Kg2 Qg6 21. Rae1 Ng5 22. Nxg5 hxg5 23. d5 c6 24. exd6 cxd5 25. R4e3 Qxd6 26. Rc3 Rac8 27. Rec1 d4 28. Rxc5 Bc6+ 29. Kg1 Rfe8 30. Qxa6 d3 31. Rxc6 1-0